| 000 | 00903nam a22002057a 4500 | ||
|---|---|---|---|
| 005 | 20220425112132.0 | ||
| 008 | 220425b mx ||||| |||| 00| 0 spa d | ||
| 020 | _a9786074862027 | ||
| 050 | 0 | 4 |
_aF1434.2.L36 _bN84 2013 |
| 245 | 0 | 0 |
_aNuevos senderos en el estudio de la adquisición de lenguas mesoamericanas : _bestructura, narrativa y socialización / _cLourdes de León Pasquel, (coordinadora) |
| 250 | _aPrimera edición | ||
| 260 |
_aMéxico : _bCentro de Investigaciones y Estudios Superiores en Antropología, _c2013 |
||
| 300 |
_a319 p. ; _bilustraciones, gráficas, _c23 cm. |
||
| 490 | 0 | _aPublicaciones de la Casa Chata | |
| 650 | 7 |
_2lemb _aIndios de América Central _xLenguas _xAdquisición |
|
| 650 | 7 |
_2lemb _aNiños indígenas _zAmérica Central _xLenguaje |
|
| 650 | 7 |
_2lemb _aAdquisición del lenguaje |
|
| 700 | 1 |
_aLeón Pasquel, Lourdes de, _ecoordinador |
|
| 942 |
_2lcc _cLIB |
||
| 999 |
_c161645 _d161643 |
||